[Event "DEM U16 2024"]
[Site "Willingen GER"]
[Date "2024.05.23"]
[Round "7"]
[White "Lübke, Florentin"]
[Black "Jahnz, Laurin"]
[Result "0-1"]
[Termination "normal"]
[Board "9"]
[WhiteElo "2207"]
[BlackElo "2202"]
[WhiteClock "00:03:05"]
[BlackClock "00:39:37"]
[PlyCount "78"]
[WhiteFideId "16281799"]
[BlackFideId "16261089"]
[EventCountry "GER"]
[EventRounds "9"]
[EventType "swiss"]
[EventDate "2024.05.18"]

1. e4 {[%clk 01:30:57]} {[%emt 00:00:02]} c5 {[%clk 01:30:58]} {[%emt
00:00:03]} 2. Nf3 {[%clk 01:31:20]} {[%emt 00:00:07]} Nc6 {[%clk 01:31:24]}
{[%emt 00:00:04]} 3. d4 {[%clk 01:31:45]} {[%emt 00:00:05]} cxd4 {[%clk
01:31:51]} {[%emt 00:00:03]} 4. Nxd4 {[%clk 01:32:09]} {[%emt 00:00:07]} Nf6
{[%clk 01:32:16]} {[%emt 00:00:05]} 5. Nc3 {[%clk 01:32:23]} {[%emt 00:00:15]}
e5 {[%clk 01:32:40]} {[%emt 00:00:06]} 6. Ndb5 {[%clk 01:32:28]} {[%emt
00:00:25]} d6 {[%clk 01:33:05]} {[%emt 00:00:05]} 7. Bg5 {[%clk 01:32:37]}
{[%emt 00:00:21]} a6 {[%clk 01:33:29]} {[%emt 00:00:07]} 8. Na3 {[%clk
01:33:00]} {[%emt 00:00:06]} b5 {[%clk 01:33:55]} {[%emt 00:00:04]} 9. Nd5
{[%clk 01:33:15]} {[%emt 00:00:15]} Be7 {[%clk 01:34:21]} {[%emt 00:00:05]} 10.
Bxf6 {[%clk 01:33:33]} {[%emt 00:00:12]} Bxf6 {[%clk 01:34:47]} {[%emt
00:00:05]} 11. c3 {[%clk 01:32:49]} {[%emt 00:01:13]} Rb8 {[%clk 01:35:11]}
{[%emt 00:00:07]} 12. Nc2 {[%clk 01:32:19]} {[%emt 00:01:00]} Bg5 {[%clk
01:35:34]} {[%emt 00:00:06]} 13. a3 {[%clk 01:26:13]} {[%emt 00:06:36]} O-O
{[%clk 01:35:02]} {[%emt 00:01:02]} 14. Ncb4 {[%clk 01:23:18]} {[%emt
00:03:25]} Bb7 {[%clk 01:29:58]} {[%emt 00:05:34]} 15. Be2 {[%clk 01:17:21]}
{[%emt 00:06:27]} a5 {[%clk 01:27:39]} {[%emt 00:02:49]} 16. Nxc6 {[%clk
01:13:49]} {[%emt 00:04:02]} Bxc6 {[%clk 01:28:03]} {[%emt 00:00:07]} 17. O-O
{[%clk 01:13:18]} {[%emt 00:01:00]} g6 {[%clk 01:26:26]} {[%emt 00:02:07]} 18.
f3 {[%clk 00:39:58]} {[%emt 00:33:50]} Kg7 {[%clk 01:18:34]} {[%emt 00:08:23]}
19. Qd3 {[%clk 00:36:46]} {[%emt 00:03:41]} h5 {[%clk 01:10:31]} {[%emt
00:08:34]} 20. Kh1 {[%clk 00:30:02]} {[%emt 00:07:13]} Rb7 {[%clk 01:07:46]}
{[%emt 00:03:15]} 21. b4 {[%clk 00:28:06]} {[%emt 00:02:26]} Rd7 {[%clk
01:00:47]} {[%emt 00:07:30]} 22. Rfb1 {[%clk 00:16:38]} {[%emt 00:11:58]} a4
{[%clk 00:53:10]} {[%emt 00:08:07]} 23. c4 {[%clk 00:13:49]} {[%emt 00:03:19]}
bxc4 {[%clk 00:48:45]} {[%emt 00:04:55]} 24. Qxc4 {[%clk 00:12:03]} {[%emt
00:02:16]} Bxd5 {[%clk 00:49:12]} {[%emt 00:00:03]} 25. Qxd5 {[%clk 00:12:25]}
{[%emt 00:00:07]} Rc7 {[%clk 00:49:06]} {[%emt 00:00:36]} 26. Rd1 {[%clk
00:09:06]} {[%emt 00:03:49]} Rc2 {[%clk 00:45:46]} {[%emt 00:03:50]} 27. Ra2
{[%clk 00:08:41]} {[%emt 00:00:55]} Rxa2 {[%clk 00:38:59]} {[%emt 00:07:17]}
28. Qxa2 {[%clk 00:09:07]} {[%emt 00:00:04]} Qb6 {[%clk 00:39:19]} {[%emt
00:00:11]} 29. Bc4 {[%clk 00:07:52]} {[%emt 00:01:44]} Qe3 {[%clk 00:38:55]}
{[%emt 00:00:54]} 30. Bb5 {[%clk 00:01:38]} {[%emt 00:06:44]} Rc8 {[%clk
00:37:42]} {[%emt 00:01:42]} 31. Bxa4 {[%clk 00:01:06]} {[%emt 00:01:02]} Rc1
{[%clk 00:38:03]} {[%emt 00:00:09]} 32. h4 {[%clk 00:00:36]} {[%emt 00:01:00]}
Rxd1+ {[%clk 00:37:06]} {[%emt 00:01:27]} 33. Bxd1 {[%clk 00:01:05]} {[%emt
00:00:01]} Qe1+ {[%clk 00:37:30]} {[%emt 00:00:06]} 34. Kh2 {[%clk 00:01:29]}
{[%emt 00:00:06]} Qxh4+ {[%clk 00:37:57]} {[%emt 00:00:04]} 35. Kg1 {[%clk
00:01:28]} {[%emt 00:00:30]} Qe1+ {[%clk 00:38:22]} {[%emt 00:00:05]} 36. Kh2
{[%clk 00:01:52]} {[%emt 00:00:06]} Bf4+ {[%clk 00:38:29]} {[%emt 00:00:23]}
37. g3 {[%clk 00:02:15]} {[%emt 00:00:07]} Qxg3+ {[%clk 00:38:54]} {[%emt
00:00:05]} 38. Kh1 {[%clk 00:02:40]} {[%emt 00:00:05]} Qe1+ {[%clk 00:39:13]}
{[%emt 00:00:10]} 39. Kg2 {[%clk 00:03:05]} {[%emt 00:00:05]} Qxd1 {[%clk
00:39:37]} {[%emt 00:00:07]} 0-1

[Event "DEM U16 2024"]
[Site "Willingen GER"]
[Date "2024.05.23"]
[Round "7"]
[White "Torosyan, Bagrat"]
[Black "Krüger, Arthur"]
[Result "1/2-1/2"]
[Termination "normal"]
[Board "10"]
[WhiteElo "2115"]
[BlackElo "1958"]
[WhiteClock "00:44:47"]
[BlackClock "00:00:39"]
[PlyCount "114"]
[WhiteFideId "16258134"]
[BlackFideId "16244966"]
[EventCountry "GER"]
[EventRounds "9"]
[EventType "swiss"]
[EventDate "2024.05.18"]

1. e4 {[%clk 01:30:58]} {[%emt 00:00:01]} e6 {[%clk 01:30:56]} {[%emt
00:00:03]} 2. d4 {[%clk 01:31:25]} {[%emt 00:00:04]} d5 {[%clk 01:31:24]}
{[%emt 00:00:02]} 3. Nc3 {[%clk 01:31:51]} {[%emt 00:00:04]} Nf6 {[%clk
01:31:51]} {[%emt 00:00:03]} 4. e5 {[%clk 01:32:16]} {[%emt 00:00:05]} Nfd7
{[%clk 01:32:16]} {[%emt 00:00:05]} 5. f4 {[%clk 01:32:43]} {[%emt 00:00:04]}
c5 {[%clk 01:32:43]} {[%emt 00:00:03]} 6. Nf3 {[%clk 01:33:09]} {[%emt
00:00:04]} Nc6 {[%clk 01:33:06]} {[%emt 00:00:07]} 7. Be3 {[%clk 01:33:35]}
{[%emt 00:00:03]} a6 {[%clk 01:32:58]} {[%emt 00:00:39]} 8. Qd2 {[%clk
01:33:50]} {[%emt 00:00:15]} b5 {[%clk 01:33:24]} {[%emt 00:00:05]} 9. Nd1
{[%clk 01:34:16]} {[%emt 00:00:04]} cxd4 {[%clk 01:29:10]} {[%emt 00:04:44]}
10. Nxd4 {[%clk 01:34:32]} {[%emt 00:00:14]} Nxd4 {[%clk 01:28:15]} {[%emt
00:01:24]} 11. Bxd4 {[%clk 01:34:56]} {[%emt 00:00:06]} Bc5 {[%clk 01:24:51]}
{[%emt 00:03:55]} 12. Bxc5 {[%clk 01:27:37]} {[%emt 00:07:50]} Nxc5 {[%clk
01:25:12]} {[%emt 00:00:08]} 13. Qd4 {[%clk 01:27:55]} {[%emt 00:00:11]} Ne4
{[%clk 01:16:25]} {[%emt 00:09:16]} 14. Bd3 {[%clk 01:05:52]} {[%emt 00:22:35]}
Qh4+ {[%clk 01:01:14]} {[%emt 00:15:41]} 15. g3 {[%clk 01:06:14]} {[%emt
00:00:08]} Nxg3 {[%clk 00:55:08]} {[%emt 00:06:37]} 16. Qf2 {[%clk 01:06:36]}
{[%emt 00:00:07]} Nf5 {[%clk 00:55:15]} {[%emt 00:00:24]} 17. Bxf5 {[%clk
01:06:54]} {[%emt 00:00:11]} Qxf2+ {[%clk 00:55:38]} {[%emt 00:00:08]} 18. Nxf2
{[%clk 01:07:18]} {[%emt 00:00:06]} exf5 {[%clk 00:55:58]} {[%emt 00:00:09]}
19. a4 {[%clk 01:06:49]} {[%emt 00:01:00]} Bd7 {[%clk 00:44:33]} {[%emt
00:11:55]} 20. a5 {[%clk 01:02:34]} {[%emt 00:04:44]} Rc8 {[%clk 00:36:11]}
{[%emt 00:08:53]} 21. Kd2 {[%clk 00:58:28]} {[%emt 00:04:36]} Rc4 {[%clk
00:30:06]} {[%emt 00:06:35]} 22. Nd3 {[%clk 00:58:41]} {[%emt 00:00:16]} Ke7
{[%clk 00:29:02]} {[%emt 00:01:35]} 23. b3 {[%clk 00:56:30]} {[%emt 00:02:41]}
Re4 {[%clk 00:21:57]} {[%emt 00:07:35]} 24. Rhg1 {[%clk 00:50:38]} {[%emt
00:06:21]} g6 {[%clk 00:20:02]} {[%emt 00:02:26]} 25. Raf1 {[%clk 00:48:21]}
{[%emt 00:02:46]} Rc8 {[%clk 00:16:51]} {[%emt 00:03:42]} 26. Rf3 {[%clk
00:47:51]} {[%emt 00:01:00]} Be6 {[%clk 00:04:45]} {[%emt 00:12:36]} 27. Rh3
{[%clk 00:43:46]} {[%emt 00:04:34]} h5 {[%clk 00:04:09]} {[%emt 00:01:07]} 28.
Rh4 {[%clk 00:43:16]} {[%emt 00:00:59]} Rc7 {[%clk 00:01:15]} {[%emt 00:03:25]}
29. Rg3 {[%clk 00:42:14]} {[%emt 00:01:32]} Rc8 {[%clk 00:01:06]} {[%emt
00:00:40]} 30. Rhh3 {[%clk 00:37:57]} {[%emt 00:04:46]} Kd8 {[%clk 00:00:57]}
{[%emt 00:00:39]} 31. Rf3 {[%clk 00:37:28]} {[%emt 00:00:58]} Ke7 {[%clk
00:01:01]} {[%emt 00:00:27]} 32. Rhg3 {[%clk 00:37:04]} {[%emt 00:00:55]} Kd8
{[%clk 00:01:16]} {[%emt 00:00:15]} 33. h4 {[%clk 00:36:09]} {[%emt 00:01:24]}
Ke7 {[%clk 00:01:28]} {[%emt 00:00:18]} 34. Rg1 {[%clk 00:30:57]} {[%emt
00:05:42]} Kd7 {[%clk 00:01:36]} {[%emt 00:00:22]} 35. b4 {[%clk 00:28:29]}
{[%emt 00:02:57]} Rec4 {[%clk 00:01:46]} {[%emt 00:00:20]} 36. Nc5+ {[%clk
00:28:08]} {[%emt 00:00:51]} R4xc5 {[%clk 00:01:16]} {[%emt 00:01:00]} 37. bxc5
{[%clk 00:28:33]} {[%emt 00:00:06]} Rxc5 {[%clk 00:01:43]} {[%emt 00:00:03]}
38. Rc3 {[%clk 00:28:10]} {[%emt 00:00:53]} Kc6 {[%clk 00:02:06]} {[%emt
00:00:07]} 39. Rgg3 {[%clk 00:26:58]} {[%emt 00:01:42]} b4 {[%clk 00:01:05]}
{[%emt 00:01:31]} 40. Rxc5+ {[%clk 00:25:18]} {[%emt 00:02:10]} Kxc5 {[%clk
00:01:34]} {[%emt 00:00:01]} 41. c3 {[%clk 00:25:36]} {[%emt 00:00:12]} b3
{[%clk 00:28:03]} {[%emt 00:04:01]} 42. Kc1 {[%clk 00:54:14]} {[%emt 00:01:52]}
d4 {[%clk 00:11:49]} {[%emt 00:16:44]} 43. Kb2 {[%clk 00:51:39]} {[%emt
00:03:04]} dxc3+ {[%clk 00:11:57]} {[%emt 00:00:22]} 44. Rxc3+ {[%clk
00:50:15]} {[%emt 00:01:54]} Kb5 {[%clk 00:05:56]} {[%emt 00:06:32]} 45. Rc7
{[%clk 00:49:09]} {[%emt 00:01:35]} Kxa5 {[%clk 00:06:20]} {[%emt 00:00:06]}
46. Rb7 {[%clk 00:49:33]} {[%emt 00:00:06]} Ka4 {[%clk 00:05:30]} {[%emt
00:01:20]} 47. Rb6 {[%clk 00:49:51]} {[%emt 00:00:12]} Bd5 {[%clk 00:02:11]}
{[%emt 00:03:49]} 48. Rd6 {[%clk 00:46:31]} {[%emt 00:03:49]} Bc4 {[%clk
00:01:42]} {[%emt 00:00:59]} 49. Kc3 {[%clk 00:45:18]} {[%emt 00:01:43]} Kb5
{[%clk 00:01:46]} {[%emt 00:00:27]} 50. Rd8 {[%clk 00:45:37]} {[%emt 00:00:10]}
Be6 {[%clk 00:01:57]} {[%emt 00:00:19]} 51. Rd4 {[%clk 00:44:19]} {[%emt
00:01:49]} a5 {[%clk 00:01:46]} {[%emt 00:00:42]} 52. Rd8 {[%clk 00:44:29]}
{[%emt 00:00:19]} Kc5 {[%clk 00:01:20]} {[%emt 00:00:56]} 53. Ra8 {[%clk
00:43:48]} {[%emt 00:01:12]} Kb5 {[%clk 00:00:56]} {[%emt 00:00:54]} 54. Rb8+
{[%clk 00:43:57]} {[%emt 00:00:20]} Kc5 {[%clk 00:01:21]} {[%emt 00:00:05]} 55.
Ra8 {[%clk 00:44:22]} {[%emt 00:00:05]} Kb6 {[%clk 00:01:23]} {[%emt 00:00:29]}
56. Rb8+ {[%clk 00:44:27]} {[%emt 00:00:24]} Kc6 {[%clk 00:01:45]} {[%emt
00:00:08]} 57. Ra8 {[%clk 00:44:47]} {[%emt 00:00:10]} Kb5 {[%clk 00:00:39]}
{[%emt 00:01:36]} 1/2-1/2

[Event "DEM U16 2024"]
[Site "Willingen GER"]
[Date "2024.05.23"]
[Round "7"]
[White "Windmüller, Simon"]
[Black "Göpfert, Gregor"]
[Result "1/2-1/2"]
[Termination "normal"]
[Board "11"]
[WhiteElo "2041"]
[BlackElo "1732"]
[WhiteClock "00:19:09"]
[BlackClock "00:13:27"]
[PlyCount "77"]
[WhiteFideId "16274032"]
[BlackFideId "34603964"]
[EventCountry "GER"]
[EventRounds "9"]
[EventType "swiss"]
[EventDate "2024.05.18"]

1. Nf3 {[%clk 01:30:56]} {[%emt 00:00:03]} d5 {[%clk 01:30:06]} {[%emt
00:00:54]} 2. g3 {[%clk 01:31:21]} {[%emt 00:00:05]} Nf6 {[%clk 01:30:15]}
{[%emt 00:00:20]} 3. Bg2 {[%clk 01:31:46]} {[%emt 00:00:06]} Bg4 {[%clk
01:30:13]} {[%emt 00:00:33]} 4. c4 {[%clk 01:31:48]} {[%emt 00:00:28]} c6
{[%clk 01:30:12]} {[%emt 00:00:31]} 5. cxd5 {[%clk 01:31:58]} {[%emt 00:00:20]}
cxd5 {[%clk 01:29:24]} {[%emt 00:01:19]} 6. Qb3 {[%clk 01:32:27]} {[%emt
00:00:01]} Qb6 {[%clk 01:24:38]} {[%emt 00:05:16]} 7. Qxb6 {[%clk 01:31:02]}
{[%emt 00:01:54]} axb6 {[%clk 01:25:03]} {[%emt 00:00:06]} 8. Nc3 {[%clk
01:31:18]} {[%emt 00:00:13]} Nc6 {[%clk 01:22:53]} {[%emt 00:02:41]} 9. O-O
{[%clk 01:25:12]} {[%emt 00:06:36]} e6 {[%clk 01:17:40]} {[%emt 00:05:42]} 10.
d3 {[%clk 01:25:17]} {[%emt 00:00:25]} Bd6 {[%clk 01:13:33]} {[%emt 00:04:37]}
11. Nb5 {[%clk 01:07:57]} {[%emt 00:17:50]} Bb8 {[%clk 01:12:41]} {[%emt
00:01:23]} 12. Be3 {[%clk 01:06:33]} {[%emt 00:01:53]} Nd7 {[%clk 01:10:26]}
{[%emt 00:02:46]} 13. Rfc1 {[%clk 01:05:18]} {[%emt 00:01:44]} O-O {[%clk
01:09:06]} {[%emt 00:01:51]} 14. Kf1 {[%clk 01:03:18]} {[%emt 00:02:29]} h6
{[%clk 01:03:47]} {[%emt 00:05:50]} 15. Nfd4 {[%clk 00:56:08]} {[%emt
00:07:40]} Nxd4 {[%clk 00:39:08]} {[%emt 00:25:09]} 16. Bxd4 {[%clk 00:56:08]}
{[%emt 00:00:29]} Ra6 {[%clk 00:37:42]} {[%emt 00:01:58]} 17. a3 {[%clk
00:51:44]} {[%emt 00:04:53]} Rd8 {[%clk 00:33:20]} {[%emt 00:04:52]} 18. b4
{[%clk 00:51:20]} {[%emt 00:00:54]} e5 {[%clk 00:28:55]} {[%emt 00:04:55]} 19.
Bb2 {[%clk 00:49:31]} {[%emt 00:02:20]} Be6 {[%clk 00:24:47]} {[%emt 00:04:39]}
20. Nc7 {[%clk 00:48:44]} {[%emt 00:01:16]} Bxc7 {[%clk 00:24:29]} {[%emt
00:00:48]} 21. Rxc7 {[%clk 00:49:06]} {[%emt 00:00:07]} Ra7 {[%clk 00:23:42]}
{[%emt 00:01:18]} 22. Rac1 {[%clk 00:48:50]} {[%emt 00:00:45]} Kf8 {[%clk
00:23:07]} {[%emt 00:01:05]} 23. e4 {[%clk 00:48:29]} {[%emt 00:00:50]} d4
{[%clk 00:22:56]} {[%emt 00:00:43]} 24. f4 {[%clk 00:48:41]} {[%emt 00:00:17]}
f6 {[%clk 00:23:04]} {[%emt 00:00:23]} 25. f5 {[%clk 00:48:06]} {[%emt
00:01:05]} Bf7 {[%clk 00:22:55]} {[%emt 00:00:39]} 26. g4 {[%clk 00:47:13]}
{[%emt 00:01:24]} Nb8 {[%clk 00:19:33]} {[%emt 00:03:52]} 27. Bf3 {[%clk
00:45:04]} {[%emt 00:02:39]} Na6 {[%clk 00:18:36]} {[%emt 00:01:26]} 28. Rc8
{[%clk 00:42:51]} {[%emt 00:02:43]} Ra8 {[%clk 00:17:09]} {[%emt 00:01:58]} 29.
Rxa8 {[%clk 00:42:50]} {[%emt 00:00:31]} Rxa8 {[%clk 00:17:31]} {[%emt
00:00:08]} 30. h4 {[%clk 00:42:01]} {[%emt 00:01:18]} Ke7 {[%clk 00:17:16]}
{[%emt 00:00:45]} 31. Bd1 {[%clk 00:41:26]} {[%emt 00:01:04]} b5 {[%clk
00:15:23]} {[%emt 00:02:24]} 32. Kf2 {[%clk 00:26:36]} {[%emt 00:15:19]} Kd8
{[%clk 00:15:03]} {[%emt 00:00:50]} 33. Kg3 {[%clk 00:25:34]} {[%emt 00:01:32]}
Rc8 {[%clk 00:14:31]} {[%emt 00:01:02]} 34. Rxc8+ {[%clk 00:25:41]} {[%emt
00:00:22]} Kxc8 {[%clk 00:14:58]} {[%emt 00:00:04]} 35. g5 {[%clk 00:25:50]}
{[%emt 00:00:20]} hxg5 {[%clk 00:15:03]} {[%emt 00:00:26]} 36. hxg5 {[%clk
00:26:08]} {[%emt 00:00:11]} Kd8 {[%clk 00:14:40]} {[%emt 00:00:53]} 37. gxf6
{[%clk 00:24:53]} {[%emt 00:01:44]} gxf6 {[%clk 00:15:01]} {[%emt 00:00:10]}
38. Kf2 {[%clk 00:24:50]} {[%emt 00:00:32]} Nc7 {[%clk 00:13:27]} {[%emt
00:02:04]} 39. Bc1 {[%clk 00:19:09]} {[%emt 00:06:11]} 1/2-1/2

[Event "DEM U16 2024"]
[Site "Willingen GER"]
[Date "2024.05.23"]
[Round "7"]
[White "Oldenburg, Max Leonard"]
[Black "Mader, Fabian"]
[Result "0-1"]
[Termination "normal"]
[Board "12"]
[WhiteElo "1753"]
[BlackElo "1984"]
[WhiteClock "00:34:09"]
[BlackClock "00:14:33"]
[PlyCount "62"]
[WhiteFideId "34660348"]
[BlackFideId "16265866"]
[EventCountry "GER"]
[EventRounds "9"]
[EventType "swiss"]
[EventDate "2024.05.18"]

1. d4 {[%clk 01:30:59]} {[%emt 18:06:22]} Nf6 {[%clk 01:30:53]} {[%emt
00:00:07]} 2. c4 {[%clk 01:31:26]} {[%emt 00:00:04]} g6 {[%clk 01:31:18]}
{[%emt 00:00:05]} 3. Nc3 {[%clk 01:31:52]} {[%emt 00:00:04]} d5 {[%clk
01:31:41]} {[%emt 00:00:06]} 4. cxd5 {[%clk 01:32:14]} {[%emt 00:00:08]} Nxd5
{[%clk 01:32:05]} {[%emt 00:00:06]} 5. e4 {[%clk 01:32:42]} {[%emt 00:00:02]}
Nxc3 {[%clk 01:32:26]} {[%emt 00:00:09]} 6. bxc3 {[%clk 01:33:10]} {[%emt
00:00:02]} Bg7 {[%clk 01:32:47]} {[%emt 00:00:09]} 7. Be3 {[%clk 01:33:24]}
{[%emt 00:00:16]} O-O {[%clk 01:32:42]} {[%emt 00:00:35]} 8. Nf3 {[%clk
01:33:17]} {[%emt 00:00:38]} c5 {[%clk 01:32:47]} {[%emt 00:00:25]} 9. Be2
{[%clk 01:33:12]} {[%emt 00:00:35]} cxd4 {[%clk 01:30:41]} {[%emt 00:02:36]}
10. cxd4 {[%clk 01:33:39]} {[%emt 00:00:03]} Nc6 {[%clk 01:30:56]} {[%emt
00:00:15]} 11. O-O {[%clk 01:32:53]} {[%emt 00:01:15]} Bg4 {[%clk 01:29:36]}
{[%emt 00:01:50]} 12. d5 {[%clk 01:31:58]} {[%emt 00:01:25]} Bxf3 {[%clk
01:28:00]} {[%emt 00:02:06]} 13. Bxf3 {[%clk 01:32:24]} {[%emt 00:00:04]} Ne5
{[%clk 01:28:02]} {[%emt 00:00:28]} 14. Be2 {[%clk 01:30:35]} {[%emt 00:02:20]}
Qa5 {[%clk 01:19:56]} {[%emt 00:08:35]} 15. Qb3 {[%clk 01:26:02]} {[%emt
00:05:01]} Rab8 {[%clk 00:52:52]} {[%emt 00:27:36]} 16. Rac1 {[%clk 01:20:15]}
{[%emt 00:06:16]} b5 {[%clk 00:45:45]} {[%emt 00:07:38]} 17. Rc5 {[%clk
01:15:12]} {[%emt 00:05:32]} a6 {[%clk 00:44:33]} {[%emt 00:01:43]} 18. Rfc1
{[%clk 01:14:38]} {[%emt 00:01:03]} Rfd8 {[%clk 00:28:13]} {[%emt 00:16:51]}
19. f4 {[%clk 01:08:16]} {[%emt 00:06:51]} Nd7 {[%clk 00:27:46]} {[%emt
00:00:58]} 20. Rc7 {[%clk 01:07:08]} {[%emt 00:01:37]} Bf8 {[%clk 00:22:38]}
{[%emt 00:05:39]} 21. d6 {[%clk 00:59:40]} {[%emt 00:07:58]} exd6 {[%clk
00:19:07]} {[%emt 00:04:00]} 22. Bg4 {[%clk 00:58:26]} {[%emt 00:01:43]} Rbc8
{[%clk 00:17:20]} {[%emt 00:02:19]} 23. Rxc8 {[%clk 00:50:05]} {[%emt
00:08:52]} Rxc8 {[%clk 00:17:44]} {[%emt 00:00:05]} 24. Rd1 {[%clk 00:50:08]}
{[%emt 00:00:26]} Rc3 {[%clk 00:17:10]} {[%emt 00:01:04]} 25. Qb1 {[%clk
00:36:02]} {[%emt 00:14:37]} Nf6 {[%clk 00:12:21]} {[%emt 00:05:20]} 26. Bd2
{[%clk 00:33:52]} {[%emt 00:02:39]} Qb6+ {[%clk 00:12:31]} {[%emt 00:00:20]}
27. Kh1 {[%clk 00:32:42]} {[%emt 00:01:39]} Nxg4 {[%clk 00:12:54]} {[%emt
00:00:07]} 28. Bxc3 {[%clk 00:32:49]} {[%emt 00:00:24]} Nf2+ {[%clk 00:13:18]}
{[%emt 00:00:06]} 29. Kg1 {[%clk 00:33:17]} Nh3+ {[%clk 00:13:42]} {[%emt
00:00:07]} 30. Kh1 {[%clk 00:33:45]} {[%emt 00:00:03]} Qg1+ {[%clk 00:14:07]}
{[%emt 00:00:05]} 31. Rxg1 {[%clk 00:34:09]} {[%emt 00:00:05]} Nf2# {[%clk
00:14:33]} {[%emt 00:00:03]} 0-1

[Event "DEM U16 2024"]
[Site "Willingen GER"]
[Date "2024.05.23"]
[Round "7"]
[White "Asmussen, Johann"]
[Black "Möller, Maurin"]
[Result "0-1"]
[Termination "normal"]
[Board "13"]
[WhiteElo "1568"]
[BlackElo "2193"]
[WhiteClock "00:58:22"]
[BlackClock "00:58:34"]
[PlyCount "40"]
[WhiteFideId "16273486"]
[BlackFideId "16265696"]
[EventCountry "GER"]
[EventRounds "9"]
[EventType "swiss"]
[EventDate "2024.05.18"]

1. e4 {[%clk 01:30:59]} g6 {[%clk 01:30:48]} {[%emt 00:00:12]} 2. d4 {[%clk
01:31:11]} {[%emt 00:00:18]} Bg7 {[%clk 01:31:06]} {[%emt 00:00:12]} 3. Nf3
{[%clk 01:31:28]} {[%emt 00:00:13]} d6 {[%clk 01:31:22]} {[%emt 00:00:14]} 4.
Bf4 {[%clk 01:30:21]} {[%emt 00:01:37]} a6 {[%clk 01:28:16]} {[%emt 00:03:37]}
5. c3 {[%clk 01:27:22]} {[%emt 00:03:28]} Nd7 {[%clk 01:26:47]} {[%emt
00:01:59]} 6. Bg3 {[%clk 01:27:22]} {[%emt 00:00:30]} e6 {[%clk 01:20:26]}
{[%emt 00:06:51]} 7. Nbd2 {[%clk 01:25:25]} {[%emt 00:02:26]} Ne7 {[%clk
01:19:13]} {[%emt 00:01:43]} 8. Bd3 {[%clk 01:22:47]} {[%emt 00:03:09]} b6
{[%clk 01:18:17]} {[%emt 00:01:27]} 9. h4 {[%clk 01:21:24]} {[%emt 00:01:53]}
h6 {[%clk 01:17:47]} {[%emt 00:00:59]} 10. Qe2 {[%clk 01:19:42]} {[%emt
00:02:11]} Bb7 {[%clk 01:17:57]} {[%emt 00:00:20]} 11. Bh2 {[%clk 01:16:19]}
{[%emt 00:03:53]} d5 {[%clk 01:06:51]} {[%emt 00:11:37]} 12. e5 {[%clk
01:15:30]} {[%emt 00:01:19]} c5 {[%clk 01:06:50]} {[%emt 00:00:31]} 13. b3
{[%clk 01:08:43]} {[%emt 00:07:16]} Nc6 {[%clk 01:05:21]} {[%emt 00:01:59]} 14.
O-O {[%clk 01:07:15]} {[%emt 00:01:58]} g5 {[%clk 01:00:45]} {[%emt 00:05:06]}
15. hxg5 {[%clk 01:06:49]} {[%emt 00:00:56]} hxg5 {[%clk 01:01:08]} {[%emt
00:00:07]} 16. Qe3 {[%clk 01:04:30]} {[%emt 00:02:47]} Bh6 {[%clk 01:00:43]}
{[%emt 00:00:57]} 17. Ne1 {[%clk 01:03:54]} {[%emt 00:01:06]} g4 {[%clk
00:58:17]} {[%emt 00:02:56]} 18. Bf4 {[%clk 01:03:43]} {[%emt 00:00:41]} Qh4
{[%clk 00:58:17]} {[%emt 00:00:30]} 19. Nc2 {[%clk 01:00:27]} {[%emt 00:03:46]}
Bxf4 {[%clk 00:58:34]} {[%emt 00:00:13]} 20. Qxf4 {[%clk 00:58:22]} {[%emt
00:02:35]} Qh1# {[%emt 00:00:06]} 0-1